000 00342pab a2200157 454500
008 180718b2009 xxu||||| |||| 00| 0 eng d
100 _aKanwal, Gurmeet
245 _aModernising the Indian army
260 _c2009
300 _ap.28-32.
362 _aJul
650 _aArmed forces
773 _aSeminar
908 _aN
909 _a82946
999 _c82946
_d82946